| 000 | 00378nam a2200157Ia 4500 | ||
|---|---|---|---|
| 003 | GCL | ||
| 008 | 140319s9999 xx 000 0 eng d | ||
| 040 |
_aGCL / _cGCL |
||
| 082 | 0 | 4 |
_a677 _bG T |
| 100 | 1 | _aGOHL, E. P. G | |
| 245 | 1 | 0 |
_aTEXTILE SCIENCE / _cGOHL, E. P. G |
| 260 |
_a[S.N] : _bLONGMAN ، _c1990 |
||
| 300 | _a218 P | ||
| 650 | 0 | 4 | _aTEXTILE FIBERS |
| 942 |
_2ddc _cBK |
||
| 999 |
_c21365 _d21365 |
||